Cartoon Elephants & Hippos - Statistics

General Stats
  • This quiz has been taken 58 times
  • The average score is 5 of 16
Answer Stats
Picture Answer % Correct
Dumbo
93%
Gloria
63%
Manny
63%
Horton
61%
Bing Bong
39%
Ellie
39%
Babar
35%
Lumpy
22%
Tantor
17%
Rocksteady
15%
Rhyhorn
13%
Colonel Hathi
7%
Hyacinth
4%
Moto Toto
4%
Hathi Jr.
2%
Lotsa Heart Elephant
0%
No matching quizzes found
Score Distribution
Percent of People with Each Score
Percentile by Number Answered
Your Score History
You have not taken this quiz